• 首页
  • 本馆介绍
  • 公告通知
  • 最新文献
  • 馆藏检索
  • 电子资源
  • 读者导购
  • 参考咨询
  • 我的图书馆
  • 登录
  • 详细信息显示
  • 放入我的书架
  • 预约/预借图书
  • 作者相关作品
  • 分类相关作品
  • 丛书相关作品
  • 出版社相关作品

书目信息

  • 表格格式
  • 工作单格式
  • 卡片格式
题名:
中国共产党简史讲义
    
 
作者: ;广东省高等院校《中国共产党简史讲义》编写组 编
分册: 上册  
出版信息: 广州   广东人民出版社  1981
页数: 268页
开本: 19cm
丛书名:
单 册:
中图分类: D23 , D231.2:1
科图分类:
主题词: 党史-中国共产党--教材 , 中国共产党
电子资源:
ISBN:
000 00964nam0 2200289 45
001 0181002699
005 20040426155851.2
010    @dCNY0.73
091    @aCN@b7111.1018(上)
100    @a19950613d1981 em y0chiy0121 ea
101 0  @achi
102    @aCN@b440000
105    @ay z 000yy
106    @ar
200 10 @a中国共产党简史讲义@Azhong guo gong chan dang jian shi jiang yi@h上册@f广东省高等院校《中国共产党简史讲义》编写组编
205    @a2版(修订本)
210    @a广州@c广东人民出版社@d1981
215    @a268页@d19cm
601 02 @a中国共产党@x党史@x教材
606    @a党史-中国共产党@x教材
606 0  @a中国共产党
690    @aD23@v3
690    @aD231.2:1@v3
711 02 @a广东省高等院校《中国共产党简史讲义》编写组@Aguang dong sheng gao deng yuan xiao 《 zhong guo gong chan dang jian shi jiang yi》 bian xie zu@4编
801  0 @aCN@b上海图书馆@c20040426
801  2 @aCN@bNLC@c20040426
905    @f2@b44740-741@f1@b67127@f1@b44744@dD23@e12:1
    
    中国共产党简史讲义.上册/广东省高等院校《中国共产党简史讲义》编写组编.-2版(修订本).-广州:广东人民出版社,1981
    268页;19cm
    
    
    ISBN :CNY0.73
    
●
相关链接 在E读中查询图书 在五车中查询图书 在当当中查询图书 在豆瓣中查询图书


正题名:中国共产党简史讲义     索取号:D23/12:1         预约/预借

序号 登录号 条形码 馆藏地/架位号 状态 备注
1 0044740   000378273   密集书库/ [索取号:D23/12:1] 在馆    
2 0044741   000378264   密集书库/ [索取号:D23/12:1] 在馆    
3 0044742   001811720   密集书库/ [索取号:D23/12:1] 在馆    
4 0044743   001811686   密集书库/ [索取号:D23/12:1] 在馆    
5 0044744   000378237   第一样本阅览室/ [索取号:D23/12:1] 在馆    
6 0067125   001744045   密集书库/ [索取号:D23/12:1] 在馆    
7 0067126   001736410   密集书库/ [索取号:D23/12:1] 在馆    
8 0067127   000378255   第一借阅区/ [索取号:D23/12:1] 在馆    
9 0067128   001736376   密集书库/ [索取号:D23/12:1] 在馆    
10 0067129   001752473   密集书库/ [索取号:D23/12:1] 在馆    
11 0067130   001753588   密集书库/ [索取号:D23/12:1] 在馆    
12 0088746   001753613   密集书库/ [索取号:D23/12:1] 在馆    
13 0088747   001777456   密集书库/ [索取号:D23/12:1] 在馆    
14 0088748   001777410   密集书库/ [索取号:D23/12:1] 在馆    
15 0104616   001753622   密集书库/ [索取号:D23/12:1] 在馆    
16 0104617   001736330   密集书库/ [索取号:D23/12:1] 在馆    
17 0104618   001753659   密集书库/ [索取号:D23/12:1] 在馆    
18 0104620   001777376   密集书库/ [索取号:D23/12:1] 在馆    
唐山师范学院图书馆 欢迎您!
大连网信软件有限公司© 版权所有